000 00582nam a22002177a 4500
003 OSt
005 20140310181916.0
008 130716t xxu||||| |||| 00| 0 eng d
020 _a9781597898539
050 _aBR 150
_b.Sm642 2001
082 _aTR 270
_bS5 2001
100 _aSmith, Carol
_9972
245 _aQuicknotes christian history guidebook /
_cCarol Smith, Roddy Smith.
260 _aOhio :
_bBarbour,
_cc2001.
300 _a435 p. :
_c21 cm.
521 _aFaculty
541 _j1
562 _e1
650 _aChurch history.
_9973
942 _2lcc
_cBK-TR
_kTR
999 _c6766
_d6766